Normas contables para entes pequeños y entes medianos (Registro nro. 4523)
[ vista simple ]
| 000 -LEADER | |
|---|---|
| fixed length control field | 02013 a2200277 4500 |
| 001 - CONTROL NUMBER | |
| control field | 48016 |
| 005 - DATE AND TIME OF LATEST TRANSACTION | |
| control field | 20260407155746.0 |
| 008 - FIXED-LENGTH DATA ELEMENTS--GENERAL INFORMATION | |
| fixed length control field | 260407a2018 arg spa d |
| 003 - CONTROL NUMBER IDENTIFIER | |
| control field | AR-UNSa-BCEJYS |
| 040 ## - CATALOGING SOURCE | |
| Original cataloging agency | AR-UNSa-BCEJYS |
| Language of cataloging | spa |
| Transcribing agency | AR-UNSa-BCEJYS |
| 080 ## - UNIVERSAL DECIMAL CLASSIFICATION NUMBER | |
| Universal Decimal Classification number | 657 |
| Common auxiliary subdivision | Contabilidad |
| 020 ## - INTERNATIONAL STANDARD BOOK NUMBER | |
| International Standard Book Number | 978-987-716-085-7 |
| 041 ## - LANGUAGE CODE | |
| Language code of text/sound track or separate title | spa |
| 100 1# - MAIN ENTRY--PERSONAL NAME | |
| Personal name | Torres, Carlos Federico |
| 245 10 - TITLE STATEMENT | |
| Title | Normas contables para entes pequeños y entes medianos |
| Name of part/section of a work | análisis y aplicación de la Resolución Técnica Nº 41 de la FACPCE, con las modificaciones introducidas por la Resolución Técnica Nº 42 |
| 250 ## - EDITION STATEMENT | |
| Edition statement | 2a. ed. |
| 264 #1 - PRODUCTION, PUBLICATION, DISTRIBUTION, MANUFACTURE, AND COPYRIGHT NOTICE | |
| Place of production, publication, distribution, manufacture | Buenos Aires : |
| Name of producer, publisher, distributor, manufacturer | Osmar D. Buyatti |
| Date of production, publication, distribution, manufacture, or copyright notice | 2018 |
| 300 ## - PHYSICAL DESCRIPTION | |
| Extent | 377 p. |
| Dimensions | 22 cm. |
| 505 ## - FORMATTED CONTENTS NOTE | |
| Formatted contents note | 1. El principio de devengado en la doctrina y las normas contables - 2. Aplicación del principio de devengado - 3. Alcances de las normas para EP - 4. Aplicación de la norma para EP en relación a la presentación de los estados contables - 5. Normas generales de medición aplicables por los EP - 6. Medición inicial de activos y pasivos - 7. Mediciones periódicas de activos monetarios - 8. Mediciones periódicas de bienes de cambio - 9. Mediciones periódicas de bienes de uso - 10. Mediciones periódicas de propiedades de inversión y otros activos no corrientes retirados para la venta, participaciones permanentes y activos intangibles - 11. Mediciones periódicas de pasivos cancelables en moneda - 12. Mediciones periódicas de pasivos en especie - 13. Patrimonio neto - 14. Resultado del ejercicio - 15. Resolución técnica 42 - 16. Información a exponer en caso de cambio de juego de normas contables a aplicar y adecuaciones necesarias a la RT 8 - |
| 590 ## - LOCAL NOTE (RLIN) | |
| Local note | niveau_biblio:m niveau_hierar:0 |
| 650 ## - SUBJECT ADDED ENTRY--TOPICAL TERM | |
| Topical term or geographic name entry element | RESOLUCIÓN TÉCNICA 41<br/>RESOLUCIÓN TÉCNICA 42 |
| 650 ## - SUBJECT ADDED ENTRY--TOPICAL TERM | |
| Topical term or geographic name entry element | resolucion tecnica 41 resolucion tecnica 42 |
| 700 1# - ADDED ENTRY--PERSONAL NAME | |
| Personal name | Subelet, Carlos Javier |
| 856 41 - ELECTRONIC LOCATION AND ACCESS | |
| Uniform Resource Identifier | <a href="https://www.biblioeco.unsa.edu.ar/pmb/images/libros/L127763.jpg">https://www.biblioeco.unsa.edu.ar/pmb/images/libros/L127763.jpg</a> |
| Link text | Imagen de portada |
| Electronic format type | image/jpeg |
| 942 ## - ADDED ENTRY ELEMENTS (KOHA) | |
| Koha item type | |
| Withdrawn status | Lost status | Damaged status | Not for loan | Home library | Current library | Shelving location | Date acquired | Total checkouts | Full call number | Barcode | Date last seen | Price effective from | Koha item type | Public note |
|---|---|---|---|---|---|---|---|---|---|---|---|---|---|---|
| Biblioteca Prof. Eusebio Cleto del Rey | Biblioteca Prof. Eusebio Cleto del Rey | 07/04/2026 | 657 T689n 2ed. | L127763 | 07/04/2026 | 07/04/2026 | Libro | |||||||
| Biblioteca Prof. Eusebio Cleto del Rey | Biblioteca Prof. Eusebio Cleto del Rey | 07/04/2026 | 657 T689n 2ed. | L127764 | 07/04/2026 | 07/04/2026 | Libro | |||||||
| Biblioteca Prof. Eusebio Cleto del Rey | Biblioteca Prof. Eusebio Cleto del Rey | 07/04/2026 | 657 T689n 2ed. | L127765 | 07/04/2026 | 07/04/2026 | Libro | 1° PÁGINA MANCHADA - CANTO MANCHADO | ||||||
| Biblioteca Prof. Eusebio Cleto del Rey | Biblioteca Prof. Eusebio Cleto del Rey | 07/04/2026 | 657 T689n 2ed. | L127766 | 07/04/2026 | 07/04/2026 | Libro | CANTO INFERIOR MANCHADO | ||||||
| Biblioteca Prof. Eusebio Cleto del Rey | Biblioteca Prof. Eusebio Cleto del Rey | 07/04/2026 | 657 T689n 2ed. | L127767 | 07/04/2026 | 07/04/2026 | Libro |